La responsabilidad profesional y el Proyecto de Código Civil y Comercial de la Nación (Registro nro. 25311)

Detalles MARC
000 -LEADER
fixed length control field 00396 a2200109 4500
001 - CONTROL NUMBER
control field ART_13024
005 - DATE AND TIME OF LATEST TRANSACTION
control field 20260410161854.0
008 - FIXED-LENGTH DATA ELEMENTS--GENERAL INFORMATION
fixed length control field 260409a
100 1# - MAIN ENTRY--PERSONAL NAME
Personal name Tanzi, Silvia Y.
245 10 - TITLE STATEMENT
Title La responsabilidad profesional y el Proyecto de Código Civil y Comercial de la Nación
773 0# - HOST ITEM ENTRY
Title Derecho privado
Related parts Reforma del código civil II - Año I, Nº 3 (dic. 2012)
Record control number REV10455

No hay ítems disponibles.